Les Contes célèbres 2 - Statistiques

Statistiques générales
  • Ce quiz a été pris 194 fois
  • Le résultat moyen est 19 sur 22
Statistiques - réponses
Hint Réponse % Correct
Peau d'*** âne
99%
La barbe *** bleue
99%
La reine des *** neiges
98%
Le *** petit canard vilain
97%
Boucles d'or et les trois *** ours
93%
Le petit *** de pain d'épice bonhomme
91%
Jack et le *** magique haricot
91%
*** et le loup Pierre
91%
Le petit *** Poucet
91%
La princesse au petit *** pois
90%
Le joueur de *** de Hamelin flûte
89%
La *** Poucette petite
87%
Le *** petit tailleur vaillant
85%
Les *** de la petite Ida fleurs
84%
Les aventures de *** le marin Sinbad
84%
La *** et le Ramoneur bergère
82%
Le petite *** d'oies gardeuse
76%
Riquet à la *** houppe
76%
Dame *** Holle
71%
Tom *** pouce
71%
Le *** et l'empereur de Chine rossignol
70%
La *** volante malle
67%
Aucun quiz correspondant
Distribution des résultats
% des personnes avec chaque résultat
Percentile par nombre de réponses
Votre historique - résultats
Vous n’avez pas pris ce quiz